| 000 | 00589nam a2200241Ia 4500 | ||
|---|---|---|---|
| 008 | 210210b2008 xxu||||| |||| 00| 0 eng d | ||
| 020 | _a8131601706 | ||
| 041 | _aeng | ||
| 082 | _a320.01 VERA | ||
| 100 | _aVERMA (S L) | ||
| 245 | _aAdvanced modern political theory: Analysis and technologies | ||
| 260 |
_aJaipur _bRawat Publications _c2008 |
||
| 300 | _aix--513 | ||
| 650 | _atheory: | ||
| 650 | _atechnologies | ||
| 650 | _apolitical | ||
| 650 | _amodern | ||
| 650 | _aand | ||
| 650 | _aAnalysis | ||
| 650 | _aAdvanced | ||
| 690 | _aPolitical Theory | ||
| 906 | _a063253 | ||
| 999 |
_c136422 _d136422 |
||